000 00971cam a22003137a 4500
003 CHAP
005 20220329135925.0
008 971013s1985 r 00010 d
010 _a44182
011 _a45154
035 _a49293
040 _cCHAP
082 _a001.6424
_bT3
100 0 0 _aTaniguchi Dietrich, P.
_9111589
245 1 3 _aLa historia de los ordenadores
260 _aBarcelona :
_bEUNIBAR,
_c1985
300 _a173 p.
_b: ilus.
490 0 _aColección informática básica
_v; 3
590 _aBATCH-UPD
_b10
_c20130110
_lUCH01
_h1154
590 _aBATCH-UPD
_b10
_c20130410
_lUCH01
_h0737
590 _aBATCH-UPD
_b10
_c20130914
_lUCH01
_h0544
590 _aCONVERSION
_b10
_c20130109
_lUCH01
_h1324
650 1 4 _aBASIC (Programación)
_910695
650 1 4 _aComputadoras.
_926129
830 0 _aColección informática básica
_v; 3
_924878
901 _aBK
942 _cLIBRO
949 _a001.6424 T3
_bBC
_cLIBRO
_d-111264
_eLIBRO
_gI.129746
_h67714
_i49293
_si
999 _c44182
_d44182